000 00327nam a22001457a 4500
020 _a81-8423-259-4
082 _a894.812.1
_bMIN/A
100 _aMINI NAIR
245 _aAASAN ULLUR VALLATHOL
_bKUTTIKAVITHAKAL
260 _aTHRISSUR
_bGREEN BOOKS
_c2013
300 _a127
520 _aPOETRY
650 _aPOETRY
942 _cBK
999 _c4254
_d4254